|
|
|
|
| LEADER |
00000nas a2200000 a 4500 |
| 001 |
ssj0000652929 |
| 003 |
WaSeSS |
| 005 |
20200512172242.0 |
| 006 |
m d |
| 007 |
cr n |
| 008 |
120402c20119999pl qr p s 0 0eng c |
| 010 |
|
|
|a 2012263048
|
| 022 |
|
|
|a 2300-8814
|l 2084-0845
|
| 035 |
|
|
|a (WaSeSS)ssj0000652929
|
| 037 |
|
|
|b Wyzsza Szkola Finansow i Zarzadzania w Warszawie, ul. Pawia 55, Warsaw, 01030 Poland
|
| 040 |
|
|
|a TXA
|b eng
|c TXA
|d TXA
|d OCLCF
|d OCLCO
|d OCLCQ
|d CUS
|d AU@
|d WaSeSS
|
| 042 |
|
|
|a pcc
|
| 050 |
1 |
4 |
|a HB9
|b .W776
|
| 210 |
0 |
|
|a Contemp. Econ.
|b (Online)
|
| 222 |
|
0 |
|a Contemporary Economics
|b (Online)
|
| 245 |
0 |
0 |
|a Contemporary economics
|h [electronic resource].
|
| 260 |
|
|
|a [Warsaw, Poland] :
|b Vizja Press & IT :
|b Faculty of Management and Finance, University of Finance and Management in Warsaw,
|c [2011]-
|
| 310 |
|
|
|a Quarterly
|
| 362 |
1 |
|
|a Print began with vol. 5, issue 1 (2011).
|
| 506 |
|
|
|a License restrictions may limit access.
|
| 588 |
|
|
|a Description based on: Vol. 5, issue 1 (2011); title from PDF article running title (vizja, viewed Apr. 2, 2012).
|
| 588 |
|
|
|a Latest issue consulted: Vol. 5, issue 4 (2011) (vizja, viewed Apr. 2, 2012).
|
| 650 |
|
0 |
|a Economics
|v Periodicals.
|
| 650 |
|
0 |
|a Management
|v Periodicals.
|
| 650 |
|
0 |
|a Finance
|v Periodicals.
|
| 650 |
|
7 |
|a Economics.
|2 fast
|0 (OCoLC)fst00902116
|
| 650 |
|
7 |
|a Finance.
|2 fast
|0 (OCoLC)fst00924349
|
| 650 |
|
7 |
|a Management.
|2 fast
|0 (OCoLC)fst01007141
|
| 655 |
|
0 |
|a Electronic journals.
|
| 710 |
2 |
|
|a Wyższa Szkoła Finansów i Zarządzania w Warszawie.
|
| 776 |
0 |
8 |
|i Print version:
|t Contemporary economics
|x 2084-0845
|
| 780 |
0 |
0 |
|i Also issued in print:
|t Współczesna ekonomia
|w (DLC) 2012263100
|w (OCoLC)780088120
|
| 856 |
4 |
0 |
|z Full text available from Research Library: 2011 to present
|u https://search.proquest.com/publication/1056415
|